000 02357cam a2200385Mi 4500
001 97269
005 20230410130346.0
008 080414s2004 xx 000 0 eng d
035 _a(OCoLC)ocn263736200
040 _aHEBIS
_bger
_cHEBIS
020 _a0521777437
020 _a0521771803
020 _a9780521771801
020 _a9780521777438
032 _a197738303
035 _a(OCoLC)263736200
050 1 4 _aP 95.8
_bD383 2004
082 0 0 _a302.23
049 _aGRAL
245 0 0 _aDemocracy and the media :
_ba comparative perspective /
_ced. by Richard Gunther, Anthony Mughan.
250 _atransferred to digital printing 2004
260 _aCambridge [u.a.] :
_bCambridge Univ. Press,
_c2004
300 _axv, 496 p. ;
_b24 cm.
440 0 _aCommunication, society, and politics
504 _aIncludes bibliographical references and index.
505 0 _aThe media in democratic and nondemocratic regimes, a multilevel perspective / Anthony Mughan and Richard Gunther -- The media and politics in Spain, from dictatorship to democracy / Richard Gunther, José Ramón Montero, and José Ignacio Wert -- Institutional incapacity, the attentive public, and media pluralism in Russia / Ellen Mickiewicz -- Democratic transformation and the mass media in Hungary, from Stalinism to democratic consolidation / Miklós Sükösd -- The modernization of communications, the media in the transition to democracy in Chile / Eugenio Tironi and Guillermo Sunkel -- Media influence in the Italian transition from a consensual to a majoritarian democrarcy / Carlo Marletti and Franca Roncarolo -- The United States, news in a free-market society / Thomas E. Patterson -- Japan, news and politics in a media-saturated democracy / Ellis S. Krauss -- The Netherlands, media and politics between segmented pluralism and market forces / Cees van der Eijk -- Great Britain, the end of news at ten and the changing news environment / Holli A. Semetko -- Germany, a society and a media system in transition / Max Kaase -- The political impact of the media, a reassessment / Richard Gunther and Anthony Mughan.
650 0 _aMass media
_xPolitical aspects.
650 0 _aDemocracy.
653 _aCommunications media
700 1 _aGunther, Richard.
700 1 _aMughan, Anthony
942 _2lcc
_cbk
946 _amjcruz
994 _aC0
_bDRFGD
999 _c73495
_d73495